Alle heutigen Länder, die jemals von Niederländern kontrolliert wurden - Statistiken

Allgemein
  • Dieses Quiz wurde 536 mal gespielt
  • Das Durchschnittsergebnis liegt bei 44 aus 53
Antworten auf der Karte
Die Antworten werden auf der Karte rot bzw. grün angezeigt, abhängig davon wie oft sie richtig erraten wurden.
 
Antwortstatistiken
Countries % Korrekt
Belgien
97%
Indonesien
97%
Indien
96%
Niederlande
96%
Vereinigte Staaten
95%
Brasilien
94%
Südafrika
94%
Suriname
94%
Guyana
92%
Jemen
92%
Kanada
92%
Thailand
92%
China
91%
Iran
91%
Japan
91%
Madagaskar
91%
Oman
91%
Myanmar
90%
Vietnam
90%
Irak
89%
Malaysia
89%
Pakistan
89%
Bangladesch
88%
Kambodscha
87%
Luxemburg
87%
Kolumbien
86%
Sri Lanka
86%
Deutschland
85%
Frankreich
85%
Togo
85%
Haiti
84%
Angola
83%
Mauretanien
83%
Nigeria
83%
Senegal
83%
Osttimor
82%
Benin
80%
Mosambik
79%
Republik Kongo
79%
Ghana
76%
Liberia
76%
Gabun
75%
Norwegen (Spitzbergen und Jan Mayen)
75%
Chile
74%
Malediven
73%
São Tomé und Príncipe
73%
Äquatorial-Guinea
72%
Mauritius
67%
Taiwan
67%
Trinidad und Tobago
58%
Venezuela
58%
Grenada
54%
Vereinigtes Königreich (Verschiedene Überseeterritorien)
51%
Keine übereinstimmenden Quizze gefunden
Verteilung der Resultate
Anzahl Personen mit jedem Resultat
Perzentil nach korrekt beantworteten Fragen
Ihre Resultats-Entwicklung
Sie haben dieses Quiz noch nicht gespielt